MDQL
is popping MORE tags! Check the
thread
!
Quizzes
Events
Quiz Creation
Community
Videos
Private Events
Remove Ads
Sign In
Join for FREE
Feedback
Dark Mode
Quiz Categories
Sports
Geography
Music
Movies
Television
Just For Fun
Miscellaneous
History
Literature
Language
Science
Gaming
Entertainment
Religion
Holiday
For Kids
Quiz Lab
Recent
Popular Today
Quiz Kudos Today
Editor Picks
Curator Picks
Quizzes by...
Day
Popularity
Type
Ratings
Length
Year
Community
Subscriptions
Recent Discussions
Orange Saloon
Badges
Playlists
Quests
Create
Leaderboards
Showdown
Live 5
Trivia Bingo
Activity
Puzzle Library
Sporcle Events
Private Events
Virtual Trivia
Globe League
Become a Host
Pub Owners
SporcleCon
Opinionation
Our Games
Videos
Blog
Mobile Apps
Partnerships
Remove Ads and Go Orange
Feedback
Just For Fun
Clickable
Get the Picture
Humor
Quick Pick
Word Ladder
Missing Word
Mixed Word
Blitz
Minefield
This or That
Alphabet
Color
Typing
Sporcle
Puzzle
Word Play
Follow That Line
Logic
Just For Fun
Clickable
Get the Picture
Humor
Quick Pick
Word Ladder
Missing Word
Mixed Word
Blitz
Minefield
This or That
Alphabet
Color
Typing
Sporcle
Puzzle
Word Play
Follow That Line
Logic
Random Quiz
Search Sporcle
×
Quiz Lab
Quiz Lab
Just For Fun
Sporcle
Type in answers that appear in a list
Type in answers that appear in a list
Classic
Best Score? Go Orange.
Ultimate sporcle roast: part 2! Stats
Can you name the Ultimate sporcle roast: part 2!?
By
donuthead247
20m
19 Questions
67 Plays
67 Plays
67 Plays
Comments
Comments
Give Quiz Kudos
Give Quiz Kudos
-
- Ratings
hide this ad
Forced Order
Answers have to be entered in order
Answers have to be entered in order
Replay
Link that replays current quiz
Next Quiz
Link to next quiz in quiz playlist
You Got
0%
They Got
Avg Score
95%
Avg Friend Score
Upgrade to see
Score Distribution
Jump to the score distribution portion of the page
Score
0/19
Timer
20:00
0
Plays Today
user
type next
% Correct
HenryFieldstone?
O.K. your the gaming editor you have'nt made one gaming quiz! plus you never comment EVER to tell people to make there quiz better at least kicking was a people person
100%
BluePikmin?
Another obscure nintendo game quiz? or is it gonna be another melody quiz? your just so predictable and what the heck is team vunture?
100%
Troublemaker?
Your name says it all that sporcle roast quiz wasn't funny at all
98.5%
mcory?
You are more hated than tiger woods right now your average comment scor is -17 its just so sad
98.5%
Sarahbelle?
The editor for Literature has two published harry potter and twilight quizzes she stated the literature craze and because of you i never click Literature
98.5%
sproutcm?
Your logo creeps me out
97%
Chuck316/
dcronin12/
ZW54/
JeffHardy/
ZW619/
qetuopiyrw
YOU ARE SUCH AN IDIOT YOU HATE THE WORLD AND SWEAR AT LITTLE KIDS i bet in your spare time you watching wrestling kicking puppies and trolling on sporcle ps what is a deebo?
95.5%
manara?
troll
95.5%
Sporcleadmins?
You dont even have 200 comments despite making half these quizzes published on sporcle just complain for once
94%
donuthead247
you think your funny but your not your just an idiot with a computer
94%
user
type next
% Correct
triviahappy?
we get it you like trivia
94%
anyone who has the sporcle default pic?
you dont even care about sporcle which displeases the sporcle gods
94%
confused?
you just confuse me
94%
WredAguyW?
you like wrestling way too much
94%
derek?
the religeon editor is not the smartest person on the planet
94%
Saulmeister
what is that in your icon? Seriously SOMEONE TELL ME
94%
nomuny12?
You managed to hack sporcle to make annoying picture comments Bravo!
94%
cambara
you're an idiot monkey
94%
mybeaglebelle
what gender are you? and how old are you? so many questions? why did i put a question mark there?
94%
Quiz Playlist
Details
Report
Send in Message
Add To Playlist
Classic:
Type in answers that appear in a list
Forced Order:
Answers have to be entered in order
Last Updated: Feb 16, 2017
Quiz Scoreboard
CHALLENGE
Sign Up to Join the Scoreboard
Show All
Scores
Hide
Comments
May contain spoilers
Recently Published
1-10 Letter E Words III
by El_Dandy
Language
2m
Street Fighter Characters
by Artimus82
Gaming
60s
College Basketball Coaching Resumes
by pancakes188
Sports
9m
More to Explore
Quiz From the Vault
Featured Blog Post
Where Did the Easter Bunny Come From?
hide this ad
You Might Also Like...
Tags
Sporcle Quiz
Next
roast
ultimate
User
Today's Top Quizzes in Just For Fun
Browse Just For Fun
hide this ad
Today's Top Quizzes in Sporcle
Browse Sporcle
Top Contributed Quizzes in Just For Fun
1
Name Just One - 10 to 1: Just For Fun
2
Killer Double Trees 224 - Colour Match-Up
3
Spring Typing Challenge
4
Crossword Whiteout! 49
5
Zeroing In: Just For Fun
6
Survivor Winners Logic Puzzle
7
Word Ladder: Ahoy Matey
8
Word Ladder: Wilderness Weapon
9
Clickable Animal Jokes #2
10
Kyle's 122nd Triple Trees
Explore More
Trending Topics
NBA
Kpop
Harry Potter
Disney
Marvel
Anime
Crossword
Song
Puzzle
WWE
Soccer
The Office
NFL
Pokémon
Country
hide this ad
More By:
donuthead247
Quiz
Plays
Rating
Category
Featured
Created
Tributes of the 75th Hunger Games
32,022
4.21
Literature
Oct 27, 2010
Metroid Suits
1,296
3.86
Gaming
Jun 20, 2010
Want You Gone (Portal 2 end song)
780
1.57
Gaming
Apr 23, 2011
Star Fox Grab bag
262
4.00
Gaming
Jun 21, 2010
star fox character by quote
218
2.64
Gaming
Apr 10, 2010
Go to Creator's Profile
Score Distribution
Quiz Creator Spotlight
donuthead247
Follow
Send a Message
Quizzes Created
-
Created Quiz Play Count
-
More By This Creator
Popular Quizzes Today
1
Find the US States - No Outlines Minefield
2
Find the Countries of Europe - No Outlines Minefield
3
The Countries of the World
4
Find the US States
5
Risky Map Clicking: Biggest States A-Z
6
US States
7
Popular People in 1961
8
Movies - When Are They Set?
More Just For Fun Quizzes
Word Ladder: Creepy Album
Published
Trending Quizzes
Risky Map Clicking: Least Populous States A-Z
1-10 Letter G Words
1-10 Letter F Words
Countries of the World: 200 Million BC
Risky Map Clicking: Next State Alphabetically
Recently Updated
Most Oscar Losses (Acting)
pecheneg
Beyoncé Albums
pecheneg
Leaping Animals
pecheneg
Reality TV Shows (A-Z)
bhenderson79
Rickey Henderson's Hall of Fame Teammates
pecheneg
Champions League XIs: Arsenal
pecheneg
Quick Pick: Celebrities in WWE's Hall of Fame
aduchscher
A-Z Keypad Blitz II
pecheneg
Multiple Oscar Actors
pecheneg
Mystery Phrase Blitz: Oscar 'Best Actors'
pecheneg
Trending Topics
Disney
NBA
Crossword
Marvel
Harry Potter
Kpop
Anime
Soccer
The Office
Puzzle
WWE
Country
NFL
Song
Pokémon
Your Account Isn't Verified!
In order to create a playlist on Sporcle, you need to verify the email address you used during registration. Go to your
Sporcle Settings
to finish the process.
Report this User
Report this user for behavior that violates our
Community Guidelines
.
Details:
Send Report
Go to the Sporcle.com Mobile Site →
Comments